| 000 | 00362nam a2200157Ia 4500 | ||
|---|---|---|---|
| 008 | 221030s9999 xx 000 0 und d | ||
| 020 | _a8190070681 | ||
| 041 | _aEnglish | ||
| 082 | _a105.23 | ||
| 100 | _aEFY | ||
| 245 | 0 | _aElectronics Projects Vol. 5 | |
| 260 |
_bEFY Enterprises Pvt. Ltd. _aNew Delhi _c2006 |
||
| 300 | _a136 | ||
| 650 | _aECE | ||
| 942 | _cBK | ||
| 999 |
_c5445 _d5445 |
||